000 005360000a22002050004500
999 _c47426
_d47426
001 169
003 CO-MdFUSB
005 20171018145407.0
008 171018b xxu||||| |||| 00| 0 eng d
020 _a84-226-0508-2
040 _cCO-MdBIC
082 0 4 _a863N R911j
100 1 _aBach, Richard
245 1 0 _aJuan Salvador Gaviota / Richard Bach, fotografías de Russell Munson
260 _aBarcelona : Circulo de Lectores
300 _a148 P.
505 0 0 _aSuperacion personal
650 1 4 _aLiteratura Infantil
942 _cLGB